Meilleur joueur du Tournoi des Six Nations - Statistiques

Statistiques générales
  • Ce quiz a été pris 34 fois
  • Le résultat moyen est 9 sur 22
Statistiques - réponses
Édition Nation Joueur % Correct
2020 Antoine Dupont
100%
2022 Antoine Dupont
100%
2023 Antoine Dupont
100%
2025 Louis Bielle-Biarrey
70%
2024 Tommaso Menoncello
57%
2006 Brian O'Driscoll
53%
2007 Brian O'Driscoll
53%
2009 Brian O'Driscoll
53%
2019 Alun Wyn Jones
43%
2016 Stuart Hogg
40%
2017 Stuart Hogg
40%
2005 Martyn Williams
33%
2008 Shane Williams
33%
2021 Hamish Watson
23%
2015 Paul O'Connell
23%
2018 Jacob Stockdale
20%
2013 Leigh Halfpenny
13%
2011 Andrea Masi
10%
2012 Dan Lydiate
10%
2004 Gordon D'Arcy
7%
2014 Mike Brown
7%
2010 Tommy Bowe
7%
Aucun quiz correspondant
Distribution des résultats
% des personnes avec chaque résultat
Percentile par nombre de réponses
Votre historique - résultats
Vous n’avez pas pris ce quiz